Statystyki dla 10 Największych Państw w Historii Świata Po Populacji I Daty

Kliknij tutaj aby rozwiązać quiz!

Ogólne statystyki

  • Ten quiz został rozwiązany 22 razy
  • Średni wynik to 1 z 10

Statystyki odpowiedzi

MiejceLudnośćDataPaństwo% Poprawnych
6146m2022-2023Rosja
100%
4286m1945–1991Związek Radziecki
23%
1458m1922Brytyjskie imperium kolonialne
5%
7432m1790Cesarstwo Qing
5%
862m720–732Kalifat Umajjadów
5%
9150m1923–1938Francuskie imperium kolonialn
0%
568m1740–1790Hiszpańskie imperium kolonialne
0%
1050m750Kalifat Abbasydów
0%
3176m1866Rosyjskie imperium kolonialne
0%
2110m1270Wielki Ułus Mongołów
0%

Rozkład punktacji

Percentyl według liczby udzielonych odpowiedzi

Procent ludzi z każdym wynikiem

Twoja historia wyników

Nie rozwiązałeś tego quizu